Statistics for Top 7 Biggest Countries by Population in South America

Click here to take the quiz!

General Stats

  • This quiz has been taken 34 times
  • The average score is 7 of 7

Answer Stats

PopulationAnswerRank% Correct
45 MillionArgentina33rd
100%
216 MillionBrazil7th
100%
52 MillionColombia28th
100%
19 MillionChile65th
97%
34 MillionPeru45th
97%
28 MillionVenezuela52nd
97%
18 MillionEcuador68th
83%

Score Distribution

Percentile by Number Answered

Percent of People with Each Score

Your Score History

You have not taken this quiz